LEADER 00796nam0-22002891i-450- 001 990006965070403321 005 20011002 035 $a000696507 035 $aFED01000696507 035 $a(Aleph)000696507FED01 035 $a000696507 100 $a20011002d1931----km-y0itay50------ba 101 0 $aeng 102 $aUS 105 $ay-------001yy 200 1 $aElementary Principles of Economics$fIrving Fisher 210 $aNew York$cthe MacMillan Company$d1931 215 $aXXVIII, 531 p.$d24 cm 676 $a330$v20$zita 700 1$aFisher,$bIrving$f<1867-1947>$0101947 801 0$aIT$bUNINA$gRICA$2UNIMARC 901 $aBK 912 $a990006965070403321 952 $aXV B 344$b53180$fFGBC 959 $aFGBC 996 $aElementary principles of economics$9507292 997 $aUNINA LEADER 00866nam0-22002771i-450- 001 990002560880403321 035 $a000256088 035 $aFED01000256088 035 $a(Aleph)000256088FED01 035 $a000256088 100 $a20000920d1946----km-y0itay50------ba 101 0 $aENG 200 1 $a<>Century of American Life Insurance$eA History of the Mutual Life Insurance Company of new York 1843-1943$fShepard B. Clough. 210 $aNew York$cColumbia University Press$d1946. 215 $axiii, 402 p.$d24 cm 610 0 $aStoria della matematica 676 $a510 700 1$aClough,$bShepard B.$f<1901-1990>$033442 801 0$aIT$bUNINA$gRICA$2UNIMARC 901 $aBK 912 $a990002560880403321 952 $aMXXXII-A-60$b2361$fMAS 959 $aMAS 996 $aCentury of American Life Insurance$9436840 997 $aUNINA DB $aING01 LEADER 01010nam0-22003371i-450- 001 990001118880403321 005 20040624093008.0 010 $a3-540-58092-1 035 $a000111888 035 $aFED01000111888 035 $a(Aleph)000111888FED01 035 $a000111888 100 $a20020001d--------km-y0itay50------ba 101 0 $aeng 200 1 $aQuantum Electrodynamics$fWalter Greiner, Joachim Reinhardt$gwith a Foreword by D.A. Bromley 205 $a2nd corrected ed. 210 $aBerlin [etc.]$cSpringer-Verlag$d1994 300 $aWith 155 figures and 52 worked examples and exercises. 610 0 $aFisica matematica 610 0 $aFisica teorica 676 $a530 700 1$aGreiner,$bWalter$029887 702 1$aBromley,$bDavid Allan$f<1926- > 702 1$aReinhardt,$bJoachim 801 0$aIT$bUNINA$gRICA$2UNIMARC 901 $aBK 912 $a990001118880403321 952 $a20-144.004F$b19643$fFI1 959 $aFI1 996 $aQuantum Electrodynamics$9336772 997 $aUNINA LEADER 01556nam 2200517 450 001 9910153072303321 005 20230803194619.0 010 $a1-292-05356-9 035 $a(CKB)2560000000327461 035 $a(SSID)ssj0001256811 035 $a(PQKBManifestationID)12554426 035 $a(PQKBTitleCode)TC0001256811 035 $a(PQKBWorkID)11271393 035 $a(PQKB)11407607 035 $a(MiAaPQ)EBC5174995 035 $a(MiAaPQ)EBC5176638 035 $a(MiAaPQ)EBC5832150 035 $a(MiAaPQ)EBC6399207 035 $a(EXLCZ)992560000000327461 100 $a20210331d2014 uy 0 101 0 $aeng 135 $aurcnu|||||||| 181 $ctxt 182 $cc 183 $acr 200 10$aComputer-based construction project management /$fTarek Hegazy 205 $aPearson new international edition. 210 1$aHarlow, England :$cPearson,$d[2014] 210 4$dİ2014 215 $a1 online resource (355 pages) $cillustrations, tables, graphs 225 1 $aAlways learning 300 $aIncludes index. 311 $a1-292-02712-6 320 $aIncludes bibliographical references and index. 410 0$aAlways learning. 606 $aConstruction industry$xData processing 615 0$aConstruction industry$xData processing. 676 $a690.028563 700 $aHegazy$b Tarek$01378328 801 0$bMiAaPQ 801 1$bMiAaPQ 801 2$bMiAaPQ 906 $aBOOK 912 $a9910153072303321 996 $aComputer-based construction project management$93416628 997 $aUNINA